| 000 | 00531nam a2200205Ia 4500 | ||
|---|---|---|---|
| 005 | 20231222101752.0 | ||
| 008 | 131103s9999 xx 000 0 und d | ||
| 020 | _a582746221 | ||
| 040 | _aLoreto College | ||
| 041 | _aEnglish | ||
| 082 |
_a428 _bUND |
||
| 100 | _aUnderwood,Mary | ||
| 245 |
_aEffective Class Management, _cMary Underwood |
||
| 260 |
_aLondon _bLongman _c1987 |
||
| 300 |
_a96 p. _b ill. |
||
| 440 | _aLongman Keys To Language Teaching | ||
| 650 | _aCommunicative English | ||
| 850 | _aLCLIB | ||
| 942 | _cBK | ||
| 999 |
_c7116 _d57595 |
||